00449 2200169 4500001002100000008004100021035002000062245003900082100002100121250002700142260004100169300001200210084001400222082000800236650001600244990001900260INLIS000000000002228 ind  a0010-0724002228 a40 Masalah AgamacSirajuddin Abbas aSirajuddin Abbas aAbbas, K.H. Sirajuddin aBandung :bPT. Karya Nusantarac1988 a332 hlm a297 ABB 4 a297 aAGAMA ISLAM aP29/CP/24/2228